| 000 | 01164cam a22003135i 4500 | ||
|---|---|---|---|
| 001 | 015956062 | ||
| 003 | EG-ScBUE | ||
| 005 | 20251221110541.0 | ||
| 008 | 111020t2012 ii a f b 001 0 eng d | ||
| 020 | _a9781466505247 | ||
| 040 |
_aEG-ScBUE _erda _beng _cEG-ScBUE _dEG-ScBUE |
||
| 082 | 0 | 4 |
_a547.7 _bKRI _222 |
| 100 | 1 |
_aKrishnaswamy, N. R., _939470 _eauthor. |
|
| 245 | 1 | 0 |
_aChemistry of natural products : _ba laboratory handbook / _cN. R. Krishnaswamy, former professor and head, Department of Chemistry, Sri Sathya Sai University, Prasanthi Nilayam. |
| 250 | _aSecond edition. | ||
| 264 | 1 |
_aHyderabad : _bUniversities Press (India) Private Limited, _c[2012] |
|
| 264 | 4 | _cc2012 | |
| 300 |
_axviii, 204 pages : _billustrations ; _c22 cm |
||
| 336 |
_2rdacontent _atext _btxt |
||
| 337 |
_aunmediated _2rdamedia _bn |
||
| 338 |
_avolume _bnc _2rdacarrier |
||
| 500 | _aIncludes Appendices. | ||
| 504 | _aIncludes bibliographical references and index. | ||
| 650 | 7 |
_aNatural products _vLaboratory manuals. _2BUEsh |
|
| 650 | 7 |
_aChemistry _vLaboratory manuals. _2BUEsh _918983 |
|
| 653 |
_bPPhrm _cMarch2016 |
||
| 655 | _vReading book | ||
| 942 |
_2ddc _cBB |
||
| 999 |
_c21289 _d21261 |
||